000 01051nas a2200337 4500
001 BR2013009757
003 BR-BrBNA
005 20231205123326.0
007 ta
008 230509b bl.|||p| |||| 00| 00por d
040 _aBR-BrBNA
_bpor
_cBiblioteca Nacional de Agricultura
041 _a(En)
072 _aQ04
100 1 _aSargi, S.C.
100 1 _aSilva, B.C.
100 1 _aSantos, H.M.C.
100 1 _aMontanher, P.F.
100 1 _aBoeing, J.S.
100 1 _aSantos Júnior, O.O.
100 1 _aSouza, N.E.
100 1 _aVisentainer, J.V.
245 1 _aAntioxidant capacity and chemical composition in seeds rich in omega-3: chia, flax, and perilla
650 _aCOMPOSIÇÃO QUÍMICA
650 _aÁCIDO GRAXO
650 _aLINHO
650 _aANTIOXIDANTE
773 0 _tCiência e Tecnologia de Alimentos (Brazil)
_xISSN 1678-457X
_g(Jul-Sep 2013), v. 33(3) p. 541-548
_wBR2013009757
856 4 0 _uhttp://www.scielo.br/pdf/cta/v33n3/aop_cta_6035.pd
909 _a202311
_bLúcia
_c55
_dLúcia Elande
942 _2AGRIS
_n0
_cANA
999 _c233334
_d233334